| 000 | 00543 a2200181 4500 | ||
|---|---|---|---|
| 003 | OSt | ||
| 005 | 20231202095227.0 | ||
| 008 | 231202b |||||||| |||| 00| 0 eng d | ||
| 020 | _a9789352827275 | ||
| 040 | _coclc | ||
| 082 |
_a894.8129 _bJOS/D |
||
| 100 |
_aJose, Joseph Annamkutty _99969 |
||
| 245 |
_aDaivathinte Chaaranmaar- You could be One / _cJoseph Annamkutty Jose |
||
| 250 | _a29th ed. | ||
| 260 |
_aKottayam: _bD C Books, _c2023. |
||
| 300 | _a232p. | ||
| 942 |
_2ddc _cBK _h894.8129 _iJOS/D _k894.8129 _mJOS/D |
||
| 999 |
_c43920 _d43920 |
||